Normal view
MARC view
Entry Personal Name
001 - CONTROL NUMBER
- control field: 32505
003 - CONTROL NUMBER IDENTIFIER
- control field: ARRUPE
005 - DATE AND TIME OF LATEST TRANSACTION
- control field: 20170612100741.0
008 - FIXED-LENGTH DATA ELEMENTS
- fixed length control field: 170612|| aca||aabn | a|a d
040 ## - CATALOGING SOURCE
- Original cataloging agency: ARRUPE
- Transcribing agency: ARRUPE
100 ## - HEADING--PERSONAL NAME
- Personal name: Ojukwu, Chukwuemeka Odumegwu,
- Dates associated with a name: 1933-2011.
670 ## - SOURCE DATA FOUND
- Source citation: Work cat.: (ARRUPE)25024: Forsyth, Frederick, 1938- 32503, Emeka /, 1992.